000
00329nam a22001337a 4500
020
_a
978-1-337-90272-4
082
_a
332.1
100
_a
Brandi, Michael W.
245
_a
Money, Banking, Financial Markets & Institutions
250
_a
2nd
260
_a
Boston:
_b
Cengage,
_c
2021
300
_a
xix, 556p.: ill.; 26cm
942
_c
BK
999
_c
22204
_d
22204